[Event "Tradewise Gibraltar AmatWk1"]
[Site "Gibraltar"]
[Date "2017.01.26"]
[Round "4.22"]
[White "White, Gary"]
[Black "Haddock, Paul"]
[Result "0-1"]
[WhiteElo "1716"]
[BlackElo "1570"]
[PlyCount "82"]
[EventDate "2017.01.23"]
[EventType "swiss"]
[EventRounds "5"]
[EventCountry "GGB"]
[SourceTitle "BritBase"]
[Source "www.saund.co.uk"]
[SourceDate "2018.02.10"]
[SourceVersion "1"]
[SourceVersionDate "2018.02.10"]
[SourceQuality "1"]

1. f4 d5 2. Nf3 Nf6 3. e3 Bg4 4. Be2 Bxf3 5. Bxf3 c6 6. b3 Nbd7 7. Bb2 Qc7 8.
Na3 e5 9. Qe2 Bd6 10. O-O Qa5 11. Nb1 O-O-O 12. d3 exf4 13. exf4 Rde8 14. Qd1
Bxf4 15. Bxf6 Be3+ 16. Kh1 Nxf6 17. Bg4+ Kb8 18. c3 Re7 19. b4 Qc7 20. a4 Rhe8
21. Bf3 Qe5 22. d4 Qg5 23. Ra2 Ne4 24. Bxe4 dxe4 25. Nd2 Bxd2 26. Rxd2 e3 27.
Re2 f5 28. b5 cxb5 29. axb5 Qg4 30. Rf3 f4 31. Qe1 g5 32. c4 Qf5 33. Qb4 Qd3
34. Re1 Qxd4 35. Rff1 g4 36. Qa3 e2 37. Rg1 Re3 38. Qa2 f3 39. gxf3 gxf3 40.
Rg2 fxg2+ 41. Kxg2 Qe4+ 0-1

[Event "Tradewise Gibraltar AmatWk1"]
[Site "Gibraltar"]
[Date "2017.01.26"]
[Round "4.23"]
[White "Naldrett, Geoffrey William"]
[Black "Stuart, Brian"]
[Result "1/2-1/2"]
[WhiteElo "1588"]
[BlackElo "1715"]
[PlyCount "49"]
[EventDate "2017.01.23"]
[EventType "swiss"]
[EventRounds "5"]
[EventCountry "GGB"]
[SourceTitle "BritBase"]
[Source "www.saund.co.uk"]
[SourceDate "2018.02.10"]
[SourceVersion "1"]
[SourceVersionDate "2018.02.10"]
[SourceQuality "1"]

1. c4 Nf6 2. Nc3 g6 3. g3 Bg7 4. Bg2 c6 5. Nf3 d5 6. cxd5 cxd5 7. d4 O-O 8. O-O
Nc6 9. e3 a6 10. b3 Bf5 11. a3 Rc8 12. Bb2 Qd6 13. Rc1 Rfd8 14. b4 Ne4 15. Nh4
Nxc3 16. Nxf5 Nxd1 17. Nxd6 Rxd6 18. Rfxd1 Rcd8 19. Rd2 f5 20. Rc5 Kf7 21. Kf1
e6 22. Ke2 Bf8 23. Rc1 R6d7 24. Rdc2 Bd6 25. f4 1/2-1/2

[Event "Tradewise Gibraltar AmatWk1"]
[Site "Gibraltar"]
[Date "2017.01.26"]
[Round "4.24"]
[White "Robles, Bryan"]
[Black "Bullock, Lee"]
[Result "1-0"]
[WhiteElo "1711"]
[BlackElo "1563"]
[PlyCount "43"]
[EventDate "2017.01.23"]
[EventType "swiss"]
[EventRounds "5"]
[EventCountry "GGB"]
[SourceTitle "BritBase"]
[Source "www.saund.co.uk"]
[SourceDate "2018.02.10"]
[SourceVersion "1"]
[SourceVersionDate "2018.02.10"]
[SourceQuality "1"]

1. d4 Nf6 2. c4 e6 3. Nc3 d5 4. e3 b6 5. Nf3 Bb7 6. Bd3 Nbd7 7. O-O Be7 8. b3
O-O 9. Bb2 c5 10. cxd5 exd5 11. Qe2 a6 12. Rac1 b5 13. dxc5 Nxc5 14. Bb1 b4 15.
Na4 Nxa4 16. bxa4 Qa5 17. Qc2 Rac8 18. Qf5 g6 19. Qe5 Qd8 20. Rxc8 Bxc8 21. Rc1
Qd6 22. Qxd6 1-0

[Event "Tradewise Gibraltar AmatWk1"]
[Site "Gibraltar"]
[Date "2017.01.26"]
[Round "4.26"]
[White "Gunn, Michael J"]
[Black "McLeod, Paul"]
[Result "0-1"]
[WhiteElo "1643"]
[BlackElo "1344"]
[PlyCount "114"]
[EventDate "2017.01.23"]
[EventType "swiss"]
[EventRounds "5"]
[EventCountry "GGB"]
[SourceTitle "BritBase"]
[Source "www.saund.co.uk"]
[SourceDate "2018.02.10"]
[SourceVersion "1"]
[SourceVersionDate "2018.02.10"]
[SourceQuality "1"]

1. e4 e5 2. Nf3 Nc6 3. Bc4 Nf6 4. d4 Bd6 5. Nc3 h6 6. O-O O-O 7. d5 Ne7 8. Re1
Ng6 9. g3 Be7 10. Bf1 d6 11. h3 Nh7 12. Kh2 f5 13. Bg2 f4 14. Rf1 Ng5 15. Nxg5
Bxg5 16. Bf3 Rf6 17. Bh5 Qd7 18. Bg4 Qf7 19. Kg1 Bxg4 20. Qxg4 fxg3 21. Qxg3
Bh4 22. Qh2 Rf8 23. Be3 Nf4 24. Kh1 Qh5 25. f3 Rg6 26. Bxf4 Rxf4 27. Qe2 Rg3
28. Kh2 Rgxf3 29. Rxf3 Qxf3 30. Qxf3 Rxf3 31. Kg2 Rf2+ 32. Kg1 Rxc2 33. Rb1 Bg3
34. Kf1 Rh2 35. Kg1 g5 36. Nb5 Re2 37. Nxc7 Rxe4 38. Nb5 Re1+ 39. Rxe1 Bxe1 40.
Nxd6 b6 41. Nc8 Kf8 42. Nxa7 Bb4 43. Nb5 Ke7 44. Kg2 e4 45. Nd4 Kd6 46. Nf5+
Kxd5 47. Nxh6 Kd4 48. Kf2 Kd3 49. Ng4 Bd6 50. b3 e3+ 51. Nxe3 Bc5 52. a4 Bxe3+
53. Kf3 Bc5 54. Kg4 Kc3 55. Kxg5 Kxb3 56. h4 Kxa4 57. Kg6 b5 0-1

[Event "Tradewise Gibraltar AmatWk1"]
[Site "Gibraltar"]
[Date "2017.01.26"]
[Round "4.27"]
[White "Manchado Garrido, Marcos Anton"]
[Black "Koreywo, Witold"]
[Result "1/2-1/2"]
[WhiteElo "1429"]
[BlackElo "1620"]
[PlyCount "52"]
[EventDate "2017.01.23"]
[EventType "swiss"]
[EventRounds "5"]
[EventCountry "GGB"]
[SourceTitle "BritBase"]
[Source "www.saund.co.uk"]
[SourceDate "2018.02.10"]
[SourceVersion "1"]
[SourceVersionDate "2018.02.10"]
[SourceQuality "1"]

1. d4 f5 2. c4 e6 3. Nf3 Nf6 4. a3 Be7 5. e3 O-O 6. Be2 d6 7. O-O Nbd7 8. Nc3
e5 9. dxe5 Nxe5 10. Qb3 Nxf3+ 11. Bxf3 c6 12. Rd1 Qc7 13. Ne2 Ng4 14. Ng3 Be6
15. Qc2 Ne5 16. Be2 Rf7 17. b3 g6 18. Bb2 Bf6 19. f4 Ng4 20. Bxg4 fxg4 21. Bxf6
Rxf6 22. Qc3 Rff8 23. Ne4 Rfd8 24. Rd2 Bf5 25. Ng3 Qe7 26. Rad1 Rd7 1/2-1/2

[Event "Tradewise Gibraltar AmatWk1"]
[Site "Gibraltar"]
[Date "2017.01.26"]
[Round "4.28"]
[White "Oliva Parra, Ernesto"]
[Black "Olde, Karl Erik"]
[Result "0-1"]
[WhiteElo "1578"]
[BlackElo "1352"]
[PlyCount "104"]
[EventDate "2017.01.23"]
[EventType "swiss"]
[EventRounds "5"]
[EventCountry "GGB"]
[SourceTitle "BritBase"]
[Source "www.saund.co.uk"]
[SourceDate "2018.02.10"]
[SourceVersion "1"]
[SourceVersionDate "2018.02.10"]
[SourceQuality "1"]

1. e4 c5 2. Bc4 Nc6 3. Nf3 g6 4. a3 Bg7 5. Nc3 Nf6 6. d3 a6 7. Ng5 O-O 8. Ne2
d6 9. h3 e6 10. c3 d5 11. exd5 exd5 12. Ba2 h6 13. Nf3 Re8 14. O-O Bf5 15. Ng3
Qd7 16. Kh2 Ne5 17. Bb1 Nxf3+ 18. Qxf3 Be6 19. Bc2 c4 20. Be3 Qb5 21. a4 Qc6
22. Bxh6 Bxh6 23. Qxf6 Bg7 24. Qf3 Qb6 25. Rab1 d4 26. Ne2 cxd3 27. Bxd3 dxc3
28. bxc3 Qd6+ 29. Kg1 Bd5 30. Qg3 Qc6 31. c4 Bxc4 32. Rbc1 b5 33. axb5 axb5 34.
Nf4 Be5 35. Qg4 Bxf4 36. Qxf4 Rac8 37. Rfd1 Qa6 38. Bxc4 bxc4 39. Rd4 c3 40.
Qh6 Qf6 41. Rh4 Qg7 42. Qxg7+ Kxg7 43. Rd4 Rc5 44. Rd3 Rec8 45. Kf1 Kf6 46. Ke2
Re8+ 47. Re3 Rec8 48. Kd3 Rd8+ 49. Kc2 Rd2+ 50. Kb3 Rb2+ 51. Ka4 Rc7 52. Rf3+
Kg7 0-1

[Event "Tradewise Gibraltar AmatWk1"]
[Site "Gibraltar"]
[Date "2017.01.26"]
[Round "4.29"]
[White "Jimenez Urquijo, Juan Manuel"]
[Black "Bo, Martin"]
[Result "0-1"]
[WhiteElo "1541"]
[BlackElo "1572"]
[PlyCount "68"]
[EventDate "2017.01.23"]
[EventType "swiss"]
[EventRounds "5"]
[EventCountry "GGB"]
[SourceTitle "BritBase"]
[Source "www.saund.co.uk"]
[SourceDate "2018.02.10"]
[SourceVersion "1"]
[SourceVersionDate "2018.02.10"]
[SourceQuality "1"]

1. Nf3 Nf6 2. g3 g6 3. b3 Bg7 4. Bb2 O-O 5. Bg2 c5 6. c4 Nc6 7. O-O d6 8. d3 a6
9. Na3 Rb8 10. Nc2 b5 11. Ne3 bxc4 12. dxc4 a5 13. Nh4 Qc7 14. Qd2 Ne5 15. f4
Ned7 16. Nd5 Qd8 17. f5 a4 18. Bc3 axb3 19. axb3 Nxd5 20. Bxg7 Kxg7 21. Bxd5
Rxb3 22. Qc2 Rb8 23. Qc3+ Ne5 24. fxg6 hxg6 25. Nf3 Qc7 26. Nxe5 dxe5 27. Rf4
g5 28. Re4 f6 29. Re3 Bb7 30. Ra7 Qb6 31. Qa3 Bxd5 32. cxd5 Qd6 33. Rb3 Kf7 34.
Qa2 Rfd8 0-1

[Event "Tradewise Gibraltar AmatWk1"]
[Site "Gibraltar"]
[Date "2017.01.26"]
[Round "4.30"]
[White "Smedsrud, Morten S"]
[Black "Elishev, Anton"]
[Result "0-1"]
[WhiteElo "1345"]
[BlackElo "1572"]
[PlyCount "62"]
[EventDate "2017.01.23"]
[EventType "swiss"]
[EventRounds "5"]
[EventCountry "GGB"]
[SourceTitle "BritBase"]
[Source "www.saund.co.uk"]
[SourceDate "2018.02.10"]
[SourceVersion "1"]
[SourceVersionDate "2018.02.10"]
[SourceQuality "1"]

1. d4 d5 2. c4 e6 3. Nc3 Nf6 4. Bg5 Be7 5. Nf3 O-O 6. e3 Nc6 7. Bd3 h6 8. Bh4
b6 9. Rc1 dxc4 10. Bxc4 Bb7 11. O-O Na5 12. Be2 Nd5 13. Bxe7 Qxe7 14. Na4 Rfd8
15. Qc2 Rac8 16. Rfd1 Nb4 17. Qb1 Bd5 18. b3 c6 19. e4 Bxe4 20. Qxe4 Nxa2 21.
Ra1 Nb4 22. Nd2 Qf6 23. Nc4 Nxb3 24. Rab1 Nxd4 25. Rxb4 Nxe2+ 26. Qxe2 Rxd1+
27. Qxd1 Rd8 28. Nd6 Rxd6 29. Qe2 Rd2 30. Rb2 Rxe2 31. Rxe2 Qa1+ 0-1

[Event "Tradewise Gibraltar AmatWk1"]
[Site "Gibraltar"]
[Date "2017.01.27"]
[Round "5.1"]
[White "Bosschem, Eddy"]
[Black "Ansari, Athar"]
[Result "1/2-1/2"]
[WhiteElo "1899"]
[BlackElo "1887"]
[PlyCount "27"]
[EventDate "2017.01.23"]
[EventType "swiss"]
[EventRounds "5"]
[EventCountry "GGB"]
[SourceTitle "BritBase"]
[Source "www.saund.co.uk"]
[SourceDate "2018.02.10"]
[SourceVersion "1"]
[SourceVersionDate "2018.02.10"]
[SourceQuality "1"]

1. d4 Nf6 2. Bf4 g6 3. e3 d6 4. Nf3 Nh5 5. Bg5 h6 6. Bh4 g5 7. Nfd2 Nf6 8. Bg3
b6 9. Be2 Nbd7 10. O-O Bb7 11. c4 Bg7 12. Nc3 e5 13. Rc1 O-O 14. b4 1/2-1/2

[Event "Tradewise Gibraltar AmatWk1"]
[Site "Gibraltar"]
[Date "2017.01.27"]
[Round "5.2"]
[White "Rios Gonzalez, Jose Antonio"]
[Black "Sandhya, Goli"]
[Result "0-1"]
[WhiteElo "1847"]
[BlackElo "1745"]
[PlyCount "86"]
[EventDate "2017.01.23"]
[EventType "swiss"]
[EventRounds "5"]
[EventCountry "GGB"]
[SourceTitle "BritBase"]
[Source "www.saund.co.uk"]
[SourceDate "2018.02.10"]
[SourceVersion "1"]
[SourceVersionDate "2018.02.10"]
[SourceQuality "1"]

1. c4 c5 2. Nc3 Nc6 3. g3 g6 4. Bg2 Bg7 5. e4 d6 6. h3 Nf6 7. Nge2 Bd7 8. d3
Qc8 9. Be3 Rb8 10. Qd2 a6 11. a4 b6 12. f4 O-O 13. g4 Ne8 14. f5 e6 15. O-O
exf5 16. exf5 gxf5 17. Nd5 fxg4 18. Bh6 Qd8 19. Bxg7 Kxg7 20. hxg4 Bxg4 21.
Nef4 Ne5 22. Be4 Qh4 23. Kg2 Bf5 24. Bxf5 Qg5+ 25. Kh1 Qxf5 26. Qh2 Kh8 27. Ne7
Qg5 28. Nfd5 f5 29. Rg1 Ng4 30. Qf4 Qxf4 31. Nxf4 Ng7 32. Nxf5 Rxf5 33. Rxg4
Rbf8 34. Nh3 Rf3 35. Kg2 Rxd3 36. Re1 Nf5 37. Kh2 Rd2+ 38. Kh1 Rg8 39. Ng5 h6
40. Nf7+ Kh7 41. Nxh6 Nxh6 42. Re7+ Kh8 43. Rh4 Rg6 0-1

[Event "Tradewise Gibraltar AmatWk1"]
[Site "Gibraltar"]
[Date "2017.01.27"]
[Round "5.4"]
[White "Laszlo, Zoltan-Imre"]
[Black "Wilson, Matthew R"]
[Result "1-0"]
[WhiteElo "1894"]
[BlackElo "1791"]
[PlyCount "65"]
[EventDate "2017.01.23"]
[EventType "swiss"]
[EventRounds "5"]
[EventCountry "GGB"]
[SourceTitle "BritBase"]
[Source "www.saund.co.uk"]
[SourceDate "2018.02.10"]
[SourceVersion "1"]
[SourceVersionDate "2018.02.10"]
[SourceQuality "1"]

1. e4 c5 2. Nf3 e6 3. d4 cxd4 4. Nxd4 a6 5. Nc3 Qc7 6. Bd3 Nf6 7. O-O b5 8. Qe2
Bb7 9. e5 Nd5 10. Nxd5 Bxd5 11. a4 b4 12. Bf4 Nc6 13. Nf3 a5 14. Rfe1 Bc5 15.
c3 bxc3 16. bxc3 h6 17. h4 Rb8 18. Nd2 Ne7 19. Qg4 Qa7 20. Re2 g6 21. Bb5 Nf5
22. Rd1 Ke7 23. Ne4 Rxb5 24. axb5 Bxe4 25. Rxe4 Bxf2+ 26. Kh2 g5 27. Bc1 Bxh4
28. Ba3+ Ke8 29. Rc4 Qb7 30. Qf3 Qb8 31. Bd6 Qd8 32. Qb7 Nxd6 33. exd6 1-0

[Event "Tradewise Gibraltar AmatWk1"]
[Site "Gibraltar"]
[Date "2017.01.27"]
[Round "5.5"]
[White "Longdin, Michael"]
[Black "Maman, Emanuel"]
[Result "1-0"]
[WhiteElo "1836"]
[BlackElo "1778"]
[PlyCount "119"]
[EventDate "2017.01.23"]
[EventType "swiss"]
[EventRounds "5"]
[EventCountry "GGB"]
[SourceTitle "BritBase"]
[Source "www.saund.co.uk"]
[SourceDate "2018.02.10"]
[SourceVersion "1"]
[SourceVersionDate "2018.02.10"]
[SourceQuality "1"]

1. d4 Nf6 2. c4 g6 3. h4 d6 4. Nc3 Bg7 5. e4 c6 6. Be2 Na6 7. h5 gxh5 8. Be3
Qa5 9. Bd2 Qb6 10. Nf3 Bg4 11. e5 dxe5 12. Nxe5 Qxd4 13. Nxg4 Nxg4 14. Bxg4
hxg4 15. Qe2 Nb4 16. O-O h5 17. Rfe1 e6 18. Ne4 Nd3 19. Bc3 Nf4 20. Qf1 Qd3 21.
Bxg7 O-O-O 22. Bxh8 Rxh8 23. Qxd3 Nxd3 24. Re2 f5 25. Ng5 e5 26. Nf7 Rh7 27.
Nxe5 Re7 28. Nxd3 Rxe2 29. Re1 Rd2 30. Re3 h4 31. Kf1 Rc2 32. c5 a5 33. a3 Kc7
34. Ke1 Rc4 35. Re7+ Kb8 36. Rf7 h3 37. gxh3 gxh3 38. Rh7 Ka7 39. Rxh3 b5 40.
cxb6+ Kxb6 41. Rf3 Rd4 42. Ke2 Rd5 43. Rf4 Kb5 44. b3 c5 45. Ke3 Kc6 46. Rc4
Kb6 47. f4 Kb5 48. a4+ Kc6 49. Ne5+ Kd6 50. Rc3 Ke6 51. Nc4 Rd1 52. Nxa5 Re1+
53. Kf2 Re4 54. Rc4 Kd5 55. Rxe4 Kxe4 56. Nc4 Kd4 57. a5 Kd5 58. Ke3 Kc6 59.
Kf3 Kb5 60. Kg3 1-0

[Event "Tradewise Gibraltar AmatWk1"]
[Site "Gibraltar"]
[Date "2017.01.27"]
[Round "5.6"]
[White "Ramesh, Balasubramanian"]
[Black "Lochte, Szilvia"]
[Result "1-0"]
[WhiteElo "1646"]
[BlackElo "1829"]
[PlyCount "91"]
[EventDate "2017.01.23"]
[EventType "swiss"]
[EventRounds "5"]
[EventCountry "GGB"]
[SourceTitle "BritBase"]
[Source "www.saund.co.uk"]
[SourceDate "2018.02.10"]
[SourceVersion "1"]
[SourceVersionDate "2018.02.10"]
[SourceQuality "1"]

1. d4 Nf6 2. Bf4 d5 3. e3 c5 4. c3 Nc6 5. Nd2 Bf5 6. Qb3 Qd7 7. Ngf3 c4 8. Qd1
e6 9. Nh4 b5 10. Nxf5 exf5 11. Be2 Bd6 12. Bxd6 Qxd6 13. O-O O-O 14. Qc2 g6 15.
Bf3 a5 16. b3 Ne4 17. Bxe4 fxe4 18. bxc4 bxc4 19. Qa4 Rfb8 20. Rfb1 Ra6 21. Rb5
Rab6 22. Rab1 Qc7 23. g3 Kg7 24. Rxb6 Rxb6 25. Rb5 Qd8 26. Kg2 g5 27. h3 f5 28.
Nf1 h5 29. Kh2 h4 30. Kg2 Kg6 31. Nh2 hxg3 32. fxg3 Qb8 33. Rxb6 Qxb6 34. Qa3
Qb8 35. h4 f4 36. gxf4 gxf4 37. exf4 Qxf4 38. Qc5 Qd2+ 39. Kg1 Qe3+ 40. Kg2
Qd2+ 41. Kg1 Qe1+ 42. Nf1 Qxc3 43. Qxc6+ Kf5 44. Qxd5+ Kf4 45. Qe5+ Kf3 46.
Qg3+ 1-0

[Event "Tradewise Gibraltar AmatWk1"]
[Site "Gibraltar"]
[Date "2017.01.27"]
[Round "5.7"]
[White "Bishop, Geoffrey L"]
[Black "Dennis, Nigel W"]
[Result "0-1"]
[WhiteElo "1677"]
[BlackElo "1818"]
[PlyCount "62"]
[EventDate "2017.01.23"]
[EventType "swiss"]
[EventRounds "5"]
[EventCountry "GGB"]
[SourceTitle "BritBase"]
[Source "www.saund.co.uk"]
[SourceDate "2018.02.10"]
[SourceVersion "1"]
[SourceVersionDate "2018.02.10"]
[SourceQuality "1"]

1. e4 c5 2. Nf3 d6 3. d4 cxd4 4. Nxd4 Nf6 5. Nc3 e6 6. Be2 a6 7. Be3 Be7 8. O-O
O-O 9. f4 Qc7 10. Bf3 Nc6 11. Nxc6 bxc6 12. Qe1 Rb8 13. b3 c5 14. Rd1 Bb7 15.
g4 Rbc8 16. g5 Nd7 17. Qg3 f5 18. exf5 Bxf3 19. Rxf3 Rxf5 20. Qg4 Rcf8 21. Ne4
Qc6 22. Ng3 Rxg5 23. Qxe6+ Rf7 24. Rdf1 Rg6 25. Qc4 d5 26. Qe2 Nf6 27. f5 Rg4
28. Rf4 Rxf4 29. Bxf4 c4 30. Be3 Bc5 31. Qf2 Ng4 0-1

[Event "Tradewise Gibraltar AmatWk1"]
[Site "Gibraltar"]
[Date "2017.01.27"]
[Round "5.8"]
[White "Gaspar, Ioan-Dan"]
[Black "Sevillano Garcia, Joaquin"]
[Result "1-0"]
[WhiteElo "1579"]
[BlackElo "1816"]
[PlyCount "77"]
[EventDate "2017.01.23"]
[EventType "swiss"]
[EventRounds "5"]
[EventCountry "GGB"]
[SourceTitle "BritBase"]
[Source "www.saund.co.uk"]
[SourceDate "2018.02.10"]
[SourceVersion "1"]
[SourceVersionDate "2018.02.10"]
[SourceQuality "1"]

1. c4 e5 2. g3 f5 3. Bg2 Nf6 4. a3 g6 5. Nc3 Bg7 6. e3 O-O 7. d4 d6 8. Nge2 c6
9. O-O Na6 10. b4 Nc7 11. b5 e4 12. f4 Rf7 13. a4 Bd7 14. Qb3 d5 15. cxd5 Ncxd5
16. Nxd5 Nxd5 17. Bd2 Rc8 18. bxc6 Bxc6 19. Rfc1 Kh8 20. Bf1 Rf8 21. a5 a6 22.
Kf2 Qd7 23. Bb4 Rfe8 24. Bc5 Bf6 25. Nc3 Nxc3 26. Rxc3 Bd5 27. Bc4 Bxc4 28.
Rxc4 Be7 29. Bxe7 Rxe7 30. Rac1 Rxc4 31. Rxc4 Kg7 32. Rc5 Kh6 33. h3 Kg7 34.
Qc4 h5 35. Rc8 Rf7 36. d5 Qd6 37. Qc3+ Qf6 38. Qe5 Rd7 39. Rg8+ 1-0

[Event "Tradewise Gibraltar AmatWk1"]
[Site "Gibraltar"]
[Date "2017.01.27"]
[Round "5.9"]
[White "Murray, J Stephen"]
[Black "Kuenitz, Klaus"]
[Result "1/2-1/2"]
[WhiteElo "1789"]
[BlackElo "1690"]
[PlyCount "112"]
[EventDate "2017.01.23"]
[EventType "swiss"]
[EventRounds "5"]
[EventCountry "GGB"]
[SourceTitle "BritBase"]
[Source "www.saund.co.uk"]
[SourceDate "2018.02.10"]
[SourceVersion "1"]
[SourceVersionDate "2018.02.10"]
[SourceQuality "1"]

1. e4 e6 2. d4 d5 3. Nd2 dxe4 4. Nxe4 Nd7 5. Nf3 Ngf6 6. Nxf6+ Nxf6 7. Bd3 c5
8. dxc5 Bxc5 9. Qe2 O-O 10. O-O b6 11. Bg5 Bb7 12. Rad1 Qc7 13. h3 Rfe8 14.
Bxf6 gxf6 15. Nh4 Qf4 16. Qg4+ Qg5 17. Nf3 Qxg4 18. hxg4 Rad8 19. Bb5 Rxd1 20.
Rxd1 Re7 21. Kf1 a6 22. Rd8+ Kg7 23. Bd3 h6 24. Ne1 Rc7 25. f3 Be7 26. Rb8 Rd7
27. Ke2 Bd6 28. Re8 Be5 29. c3 b5 30. Nc2 Rc7 31. Rd8 Bc8 32. Ke3 f5 33. gxf5
exf5 34. f4 Bf6 35. Rd5 Bb7 36. Rxf5 Bxg2 37. Nb4 Bb7 38. Nd5 Rc6 39. Nxf6 Rxf6
40. Rh5 Re6+ 41. Kf2 Rd6 42. Ke3 Bf3 43. Rh2 Bg4 44. b3 h5 45. c4 bxc4 46. bxc4
a5 47. c5 Rd5 48. Rc2 Rxd3+ 49. Kxd3 Bf5+ 50. Kd2 Bxc2 51. Kxc2 Kf6 52. Kd2 Ke6
53. Ke3 Kd5 54. Kf3 Kxc5 55. f5 Kd5 56. Kf4 f6 1/2-1/2

[Event "Tradewise Gibraltar AmatWk1"]
[Site "Gibraltar"]
[Date "2017.01.27"]
[Round "5.10"]
[White "Guardia Bencomo, Tomas"]
[Black "Christophe-Hayot, Romain"]
[Result "1-0"]
[WhiteElo "1759"]
[BlackElo "1784"]
[PlyCount "99"]
[EventDate "2017.01.23"]
[EventType "swiss"]
[EventRounds "5"]
[EventCountry "GGB"]
[SourceTitle "BritBase"]
[Source "www.saund.co.uk"]
[SourceDate "2018.02.10"]
[SourceVersion "1"]
[SourceVersionDate "2018.02.10"]
[SourceQuality "1"]

1. d4 d5 2. c4 c6 3. Nf3 Nf6 4. Nc3 e6 5. Bg5 Be7 6. e3 O-O 7. Bd3 Nbd7 8. O-O
Re8 9. Qc2 h6 10. Bh4 Nf8 11. Ne5 N6d7 12. Bxe7 Qxe7 13. f4 Nxe5 14. fxe5 dxc4
15. Bxc4 Qg5 16. Qf2 Re7 17. Ne4 Qh5 18. Bd3 Bd7 19. Qg3 Nh7 20. Nf6+ Nxf6 21.
exf6 g6 22. fxe7 Be8 23. Qc7 Qg5 24. Rf3 Qd5 25. Qxb7 c5 26. Qxd5 exd5 27. dxc5
Rc8 28. b4 Rc7 29. Bxg6 Rxe7 30. Bf5 Kg7 31. a4 a6 32. Bc8 Ra7 33. Bf5 Bc6 34.
Bc2 Rb7 35. Raf1 Be8 36. Rf4 Re7 37. R1f3 Bd7 38. Rg3+ Kf8 39. Rh4 Re5 40. Rxh6
Be6 41. Rh4 Ke7 42. Bd3 Bd7 43. Bxa6 Bxa4 44. b5 Bd1 45. Rd4 Be2 46. Kf2 Bc4
47. Rgg4 Bb3 48. Rgf4 f5 49. b6 Kd8 50. c6 1-0

[Event "Tradewise Gibraltar AmatWk1"]
[Site "Gibraltar"]
[Date "2017.01.27"]
[Round "5.11"]
[White "Ford, Clifton P"]
[Black "Guegan, Michel"]
[Result "1/2-1/2"]
[WhiteElo "1781"]
[BlackElo "1738"]
[PlyCount "45"]
[EventDate "2017.01.23"]
[EventType "swiss"]
[EventRounds "5"]
[EventCountry "GGB"]
[SourceTitle "BritBase"]
[Source "www.saund.co.uk"]
[SourceDate "2018.02.10"]
[SourceVersion "1"]
[SourceVersionDate "2018.02.10"]
[SourceQuality "1"]

1. d4 Nf6 2. c4 g6 3. Nc3 Bg7 4. e4 d6 5. f4 O-O 6. Nf3 c5 7. d5 e6 8. dxe6
Bxe6 9. Be2 Nc6 10. O-O Bg4 11. h3 Bxf3 12. Bxf3 Nd4 13. Be3 Ne8 14. Qd2 f5 15.
exf5 Nxf5 16. Bf2 Rb8 17. Rad1 Qf6 18. Bd5+ Kh8 19. Rde1 Nc7 20. Bf3 Nd4 21.
Be3 Nf5 22. Bf2 Nd4 23. Be3 1/2-1/2

[Event "Tradewise Gibraltar AmatWk1"]
[Site "Gibraltar"]
[Date "2017.01.27"]
[Round "5.12"]
[White "Lake, Andrew N"]
[Black "Garcia Valer, Jesus"]
[Result "1/2-1/2"]
[WhiteElo "1709"]
[BlackElo "1891"]
[PlyCount "29"]
[EventDate "2017.01.23"]
[EventType "swiss"]
[EventRounds "5"]
[EventCountry "GGB"]
[SourceTitle "BritBase"]
[Source "www.saund.co.uk"]
[SourceDate "2018.02.10"]
[SourceVersion "1"]
[SourceVersionDate "2018.02.10"]
[SourceQuality "1"]

1. e4 Nc6 2. Nc3 d6 3. d4 Nf6 4. Be2 e5 5. d5 Ne7 6. Be3 Ng6 7. g3 Be7 8. Qd2
Ng4 9. Bxg4 Bxg4 10. h3 Bd7 11. O-O-O c5 12. Rf1 b5 13. f4 a5 14. Nf3 f6 15. f5
1/2-1/2

[Event "Tradewise Gibraltar AmatWk1"]
[Site "Gibraltar"]
[Date "2017.01.27"]
[Round "5.13"]
[White "Hermes, Geoff R"]
[Black "Stai, Sondre"]
[Result "1-0"]
[WhiteElo "1896"]
[BlackElo "1676"]
[PlyCount "129"]
[EventDate "2017.01.23"]
[EventType "swiss"]
[EventRounds "5"]
[EventCountry "GGB"]
[SourceTitle "BritBase"]
[Source "www.saund.co.uk"]
[SourceDate "2018.02.10"]
[SourceVersion "1"]
[SourceVersionDate "2018.02.10"]
[SourceQuality "1"]

1. e4 c5 2. Nf3 d6 3. c3 Nf6 4. Bd3 Nc6 5. h3 e6 6. Bc2 Be7 7. O-O O-O 8. d4
cxd4 9. cxd4 Qc7 10. Nc3 a6 11. Re1 h6 12. e5 dxe5 13. dxe5 Rd8 14. Qe2 Nd7 15.
Qe4 Nf8 16. Qg4 Kh8 17. Qh5 Nb4 18. Be4 Nd3 19. Bxd3 Rxd3 20. Re4 Ng6 21. Ng5
Bxg5 22. Bxg5 b5 23. Rc1 Qd7 24. Rce1 Bb7 25. Rg4 Kg8 26. Be3 a5 27. Ne4 Rd1
28. Nf6+ gxf6 29. Rxg6+ fxg6 30. Qxg6+ Qg7 31. Qxg7+ Kxg7 32. exf6+ Kxf6 33.
Rxd1 Rg8 34. g3 Bd5 35. b3 Rc8 36. Rc1 Rxc1+ 37. Bxc1 h5 38. Kf1 a4 39. bxa4
bxa4 40. a3 Bc4+ 41. Kg2 Bd5+ 42. f3 Kf5 43. Kf2 Bc4 44. g4+ hxg4 45. fxg4+ Kg6
46. Kf3 Bb3 47. Kf4 Bc2 48. h4 Bd1 49. h5+ Kh7 50. Bb2 Be2 51. Kg5 Bf3 52. Kh4
Be4 53. Kg3 Bd3 54. Bf6 Be2 55. Kh4 Bd3 56. g5 Bf5 57. Kg3 Bd3 58. Kf4 Bc2 59.
Ke5 Bf5 60. Kd6 Kg8 61. g6 Kf8 62. Ke5 Kg8 63. Kf4 Kf8 64. Kg5 Kg8 65. h6 1-0

[Event "Tradewise Gibraltar AmatWk1"]
[Site "Gibraltar"]
[Date "2017.01.27"]
[Round "5.14"]
[White "Kirkwood, Robin"]
[Black "Garcia-Blazquez Perez, Manuel"]
[Result "0-1"]
[WhiteElo "1677"]
[BlackElo "1851"]
[PlyCount "38"]
[EventDate "2017.01.23"]
[EventType "swiss"]
[EventRounds "5"]
[EventCountry "GGB"]
[SourceTitle "BritBase"]
[Source "www.saund.co.uk"]
[SourceDate "2018.02.10"]
[SourceVersion "1"]
[SourceVersionDate "2018.02.10"]
[SourceQuality "1"]

1. d4 e5 2. dxe5 Nc6 3. Nf3 Qe7 4. Nbd2 g6 5. b3 Bg7 6. Bb2 Nxe5 7. Qc1 d6 8.
e3 Be6 9. Be2 h5 10. h4 Nh6 11. Ng5 Bg4 12. f4 Bxe2 13. Kxe2 Neg4 14. Nf1 f6
15. Nf3 O-O-O 16. c4 Nf5 17. Nd4 Qe4 18. Nf3 Rhe8 19. Qb1 Qxf4 0-1